[Event "Tch-CRO 1stB Liga 2017"]
[Site "Mali Losinj"]
[Date "2017.10.01"]
[Round "4.43"]
[White "Galic, Ivan"]
[Black "Stipic, Marko"]
[Result "1-0"]
[WhiteElo "2395"]
[BlackElo "2167"]
[PlyCount "63"]
[EventDate "2017.09.28"]
[EventType "team"]
[EventRounds "9"]
[EventCountry "CRO"]

1. e4 d6 2. d4 Nf6 3. f3 e5 4. Ne2 c5 5. dxe5 dxe5 6. Qxd8+ Kxd8 7. Bg5 Be6 8.
Nd2 Nbd7 9. Nc3 Be7 10. O-O-O Kc7 11. Nc4 a6 12. a4 Rhd8 13. Be2 h6 14. Bd2 b6
15. f4 Bxc4 16. Bxc4 Bd6 17. f5 Rf8 18. Rhf1 Ng8 19. Be3 Ne7 20. Rd2 Nf6 21.
Rfd1 Nc8 22. Kb1 Be7 23. Bf2 Nd6 24. Bd5 Rad8 25. a5 bxa5 26. Bxc5 Nc8 27. Bxe7
Nxe7 28. Bc4 Rxd2 29. Rxd2 g6 30. fxg6 Nxg6 31. Bxa6 Ng4 32. h3 1-0

[Event "Tch-CRO 1stB Liga 2017"]
[Site "Mali Losinj"]
[Date "2017.10.01"]
[Round "4.44"]
[White "Brzic, Roko"]
[Black "Bender, Ivan"]
[Result "0-1"]
[WhiteElo "1942"]
[BlackElo "2231"]
[PlyCount "97"]
[EventDate "2017.09.28"]
[EventType "team"]
[EventRounds "9"]
[EventCountry "CRO"]

1. b3 e5 2. Bb2 d6 3. e3 Nf6 4. d4 exd4 5. Qxd4 Nc6 6. Bb5 Bd7 7. Qd1 Be7 8.
Nf3 O-O 9. O-O Re8 10. Nc3 a6 11. Be2 Bf5 12. Bd3 Bg4 13. h3 Bh5 14. Ne2 Bxf3
15. gxf3 Ne5 16. Ng3 Nxd3 17. Qxd3 Nd7 18. f4 Bf6 19. c3 Nc5 20. Qc2 Bh4 21. b4
Bxg3 22. fxg3 Ne4 23. Kh2 d5 24. c4 dxc4 25. Rad1 Nd6 26. Rfe1 Re4 27. Be5 Qe7
28. Kg2 Rxe5 29. fxe5 Qxe5 30. e4 Re8 31. Rd5 Qxd5 32. exd5 Rxe1 33. Qf2 Re8
34. Qc5 Rc8 35. Kf3 h5 36. a4 Kf8 37. g4 hxg4+ 38. hxg4 g6 39. Kf4 Ke7 40. g5
Kd7 41. Qd4 Re8 42. Kf3 Re4 43. Qd2 Rh4 44. Qf2 Rh3+ 45. Kf4 Ra3 46. Qc2 Rb3
47. Ke5 Rxb4 48. Kf6 c3 49. Qxc3 0-1

[Event "Tch-CRO 1stB Liga 2017"]
[Site "Mali Losinj"]
[Date "2017.10.01"]
[Round "4.45"]
[White "Brnas, Augustin"]
[Black "Dunatov, Kresimir"]
[Result "1/2-1/2"]
[WhiteElo "2203"]
[BlackElo "1906"]
[PlyCount "90"]
[EventDate "2017.09.28"]
[EventType "team"]
[EventRounds "9"]
[EventCountry "CRO"]

1. e4 e5 2. Nf3 Nc6 3. Bb5 f5 4. d4 fxe4 5. Nxe5 Nf6 6. O-O Be7 7. Nc3 O-O 8.
Bg5 Qe8 9. Ba4 d6 10. Nxc6 bxc6 11. Qe2 Kh8 12. Bxf6 Bxf6 13. Qxe4 Qxe4 14.
Nxe4 Bxd4 15. Bxc6 Rb8 16. c3 Be5 17. Rab1 Ba6 18. Rfd1 Be2 19. Rd2 Bc4 20. Bd5
Bxd5 21. Rxd5 c6 22. Rdd1 d5 23. Nc5 Rf7 24. Nd3 Bf6 25. Re1 Kg8 26. Nb4 Rb6
27. Re6 Rc7 28. Rbe1 d4 29. Rc1 Kf7 30. Re4 Rd7 31. Rd1 c5 32. Nd3 dxc3 33.
Ne5+ Bxe5 34. Rxd7+ Ke6 35. Rd1 cxb2 36. f4 b1=Q 37. Rxe5+ Kf6 38. Rxb1 Rxb1+
39. Kf2 Rb2+ 40. Kf3 Rc2 41. g4 Rc3+ 42. Ke4 Rc4+ 43. Ke3 a5 44. h4 a4 45. Rf5+
Ke6 1/2-1/2

[Event "Tch-CRO 1stB Liga 2017"]
[Site "Mali Losinj"]
[Date "2017.10.01"]
[Round "4.46"]
[White "Malesevic, Elvino"]
[Black "Ivankovic, Ivo"]
[Result "1/2-1/2"]
[WhiteElo "1782"]
[BlackElo "2129"]
[PlyCount "117"]
[EventDate "2017.09.28"]
[EventType "team"]
[EventRounds "9"]
[EventCountry "CRO"]

1. e4 c5 2. Nf3 g6 3. Be2 Bg7 4. O-O Nc6 5. c3 d5 6. exd5 Qxd5 7. Na3 Nf6 8.
Nb5 Qd8 9. b3 a6 10. Na3 O-O 11. Bb2 b5 12. c4 b4 13. Nc2 Bf5 14. Ne3 Bd3 15.
Re1 Re8 16. Bxd3 Qxd3 17. Qe2 Rad8 18. Rad1 Rd7 19. Bxf6 Qxe2 20. Rxe2 Bxf6 21.
Ng4 Bg7 22. Nge5 Nxe5 23. Nxe5 Rd6 24. f4 e6 25. Kf2 a5 26. Re4 Red8 27. Re2 a4
28. Ke1 Ra8 29. Re3 axb3 30. axb3 Ra2 31. g3 Rda6 32. Rb1 Rc2 33. Kd1 Raa2 34.
Nf3 Kf8 35. Rd3 Ke7 36. Ne1 Rcb2 37. Rxb2 Rxb2 38. Nf3 Rb1+ 39. Ke2 Rh1 40. h4
h6 41. Kf2 Rb1 42. Ke2 Bf6 43. Ke3 Ke8 44. Ke2 Bd8 45. Ne5 Bc7 46. Nd7 Rxb3 47.
Nxc5 Rxd3 48. Kxd3 g5 49. hxg5 hxg5 50. Na6 Bd6 51. c5 gxf4 52. gxf4 Bxf4 53.
Nxb4 Kd7 54. Kc3 Bg3 55. Nc2 f5 56. d4 Kc6 57. Kc4 f4 58. Nb4+ Kd7 59. Kd3
1/2-1/2

[Event "Tch-CRO 1stB Liga 2017"]
[Site "Mali Losinj"]
[Date "2017.10.01"]
[Round "4.51"]
[White "Pijpers, Arthur"]
[Black "Fercec, Nenad"]
[Result "0-1"]
[WhiteElo "2462"]
[BlackElo "2460"]
[PlyCount "92"]
[EventDate "2017.09.28"]
[EventType "team"]
[EventRounds "9"]
[EventCountry "CRO"]

1. e4 c5 2. Nc3 d6 3. Nge2 Nf6 4. g3 g6 5. d4 cxd4 6. Nxd4 Bg7 7. Bg2 O-O 8.
O-O Bg4 9. Qd3 Qd7 10. Re1 Bh3 11. Bf3 Ng4 12. Bh1 Nc6 13. Nf3 Nge5 14. Nxe5
Nxe5 15. Qe2 e6 16. Nd1 d5 17. Bf4 Nc6 18. Qd2 e5 19. Bh6 d4 20. Bxg7 Kxg7 21.
f4 exf4 22. Qxf4 f6 23. Nf2 Ne5 24. Rad1 Be6 25. c3 d3 26. b3 Rfd8 27. Rd2 Rac8
28. Nd1 b5 29. Bg2 a5 30. Rf1 Qe7 31. Kh1 Bg4 32. Ne3 Be2 33. Re1 Qe6 34. Nd5
Rd6 35. Rc1 Ng4 36. Bf3 Bxf3+ 37. Qxf3 Ne5 38. Qg2 Qd7 39. Ne3 Qa7 40. Qf2 Qb7
41. Qf4 Re8 42. Re1 Nf7 43. Ng2 Qc6 44. c4 bxc4 45. bxc4 Rd4 46. Qf3 Ng5 0-1

[Event "Tch-CRO 1stB Liga 2017"]
[Site "Mali Losinj"]
[Date "2017.10.01"]
[Round "4.52"]
[White "Tratar, Marko"]
[Black "Sprenger, Jan Michael"]
[Result "1-0"]
[WhiteElo "2465"]
[BlackElo "2514"]
[PlyCount "120"]
[EventDate "2017.09.28"]
[EventType "team"]
[EventRounds "9"]
[EventCountry "CRO"]

1. Nf3 Nf6 2. c4 e6 3. g3 d5 4. d4 Bb4+ 5. Bd2 Be7 6. Bg2 O-O 7. O-O c6 8. Qc2
b6 9. Bf4 Nbd7 10. Rd1 Ba6 11. Ne5 Rc8 12. cxd5 cxd5 13. Nc6 Qe8 14. Nxe7+ Qxe7
15. Nc3 Bb7 16. Qb3 a6 17. Rac1 h6 18. h4 Rc6 19. Nb1 Rfc8 20. Rxc6 Rxc6 21.
Rc1 Rxc1+ 22. Bxc1 Ne4 23. Nc3 Qd6 24. Bf4 Qc6 25. f3 Nxc3 26. Qxc3 Qxc3 27.
bxc3 Bc6 28. g4 f6 29. Bd6 g5 30. Kh2 e5 31. e4 Kf7 32. Kg3 Ke6 33. Bc7 b5 34.
a3 exd4 35. cxd4 Nf8 36. hxg5 hxg5 37. e5 Kd7 38. Bb6 Ng6 39. exf6 Ke6 40. Bf1
b4 41. axb4 Bb5 42. Bxb5 axb5 43. f7 Kxf7 44. Bd8 Nf4 45. Bxg5 Ne2+ 46. Kf2
Nxd4 47. Bd2 Nc6 48. f4 Ke6 49. Ke3 Kd6 50. Bc3 d4+ 51. Bxd4 Nxb4 52. Ke4 Nc6
53. f5 b4 54. g5 b3 55. Bb2 Ne7 56. f6 Ng6 57. Kf5 Nh4+ 58. Kg4 Ng6 59. Kh5
Nf4+ 60. Kh6 Ke6 1-0

[Event "Tch-CRO 1stB Liga 2017"]
[Site "Mali Losinj"]
[Date "2017.10.01"]
[Round "4.53"]
[White "Doric, Darko"]
[Black "Zufic, Miroslav"]
[Result "1/2-1/2"]
[WhiteElo "2467"]
[BlackElo "2395"]
[PlyCount "55"]
[EventDate "2017.09.28"]
[EventType "team"]
[EventRounds "9"]
[EventCountry "CRO"]

1. d4 d5 2. c4 c6 3. Nc3 Nf6 4. cxd5 cxd5 5. Bf4 Nc6 6. e3 Bg4 7. Qb3 Na5 8.
Qa4+ Bd7 9. Qc2 e6 10. Bd3 Be7 11. Bg5 Rc8 12. Bxf6 Bxf6 13. Nf3 Nc4 14. O-O g6
15. b3 Nd6 16. Qb2 O-O 17. Ne5 Bg7 18. Rac1 Be8 19. Be2 f6 20. Nd3 Rf7 21. Nc5
Re7 22. a4 a5 23. Rfd1 b6 24. Nd3 Rec7 25. Nf4 Bf7 26. Nb5 Nxb5 27. Bxb5 Bf8
28. Ba6 1/2-1/2

[Event "Tch-CRO 1stB Liga 2017"]
[Site "Mali Losinj"]
[Date "2017.10.01"]
[Round "4.54"]
[White "Glavas, Dragan"]
[Black "Rade, Miroslav"]
[Result "1-0"]
[WhiteElo "2285"]
[BlackElo "2432"]
[PlyCount "71"]
[EventDate "2017.09.28"]
[EventType "team"]
[EventRounds "9"]
[EventCountry "CRO"]

1. d4 Nf6 2. c4 e6 3. g3 d5 4. Bg2 dxc4 5. Nf3 Nc6 6. O-O Rb8 7. Bg5 Be7 8. Qc1
b5 9. Rd1 Bb7 10. Nc3 a6 11. e4 O-O 12. Bxf6 Bxf6 13. e5 Be7 14. a4 Nb4 15.
axb5 axb5 16. Ne1 Bxg2 17. Kxg2 c5 18. dxc5 Qc7 19. Nf3 Nd3 20. Rxd3 cxd3 21.
b4 Qc6 22. Qe3 f6 23. Qxd3 Rfd8 24. Qe2 Rd4 25. Ra7 Bf8 26. exf6 gxf6 27. Rc7
Qxc7 28. Qxe6+ Qf7 29. Qxf7+ Kxf7 30. Nxd4 Bxc5 31. bxc5 b4 32. Na4 Rd8 33. Nb5
b3 34. c6 Ke7 35. c7 Rc8 36. Nb6 1-0

[Event "Tch-CRO 1stB Liga 2017"]
[Site "Mali Losinj"]
[Date "2017.10.01"]
[Round "4.55"]
[White "Ivic, Mateo"]
[Black "Franic, Milan"]
[Result "0-1"]
[WhiteElo "2232"]
[BlackElo "2356"]
[PlyCount "108"]
[EventDate "2017.09.28"]
[EventType "team"]
[EventRounds "9"]
[EventCountry "CRO"]

1. e4 e5 2. Nf3 Nc6 3. Bb5 a6 4. Ba4 Nf6 5. O-O Be7 6. Re1 b5 7. Bb3 d6 8. c3
O-O 9. h3 Na5 10. Bc2 c5 11. d4 Qc7 12. Nbd2 Bd7 13. Nf1 cxd4 14. cxd4 Rfc8 15.
Bd3 Nc6 16. Be3 exd4 17. Nxd4 Ne5 18. Ng3 g6 19. f4 Nxd3 20. Qxd3 Qc4 21. Qd2
d5 22. Rec1 Qb4 23. Qxb4 Bxb4 24. e5 Ne8 25. Kf2 Ng7 26. Rxc8+ Rxc8 27. Rc1 Rc4
28. b3 Rxc1 29. Bxc1 h5 30. Be3 Kf8 31. Kf3 h4 32. Nge2 Nf5 33. Nxf5 Bxf5 34.
Nd4 Bb1 35. a4 bxa4 36. bxa4 Be4+ 37. Kg4 Be1 38. Nf3 Bc3 39. Nd4 Be1 40. Nf3
Bxf3+ 41. Kxf3 Ke7 42. Bd4 Ke6 43. Kg4 Bb4 44. f5+ gxf5+ 45. Kxh4 Be1+ 46. Kg5
Bd2+ 47. Kh5 Bf4 48. h4 Bd2 49. g3 a5 50. Bb2 Be3 51. Bc3 d4 52. Bxa5 d3 53. g4
f4 54. g5 f3 0-1

[Event "Tch-CRO 1stB Liga 2017"]
[Site "Mali Losinj"]
[Date "2017.10.01"]
[Round "4.56"]
[White "Ciganovic, Nikola"]
[Black "Curic, Drazen"]
[Result "1-0"]
[WhiteElo "2238"]
[BlackElo "2223"]
[PlyCount "101"]
[EventDate "2017.09.28"]
[EventType "team"]
[EventRounds "9"]
[EventCountry "CRO"]

1. e4 c5 2. Nf3 e6 3. d4 cxd4 4. Nxd4 Nf6 5. Nc3 d6 6. Be3 a6 7. Be2 Nbd7 8.
O-O b6 9. f4 Bb7 10. Bf3 Qc7 11. Qe1 h5 12. Rd1 Be7 13. h3 h4 14. Bf2 Nh5 15.
Bxh4 Nxf4 16. Bxe7 Kxe7 17. Qg3 Ng6 18. Qg5+ Nf6 19. e5 dxe5 20. Nxe6 Kxe6 21.
Bg4+ Ke7 22. Rd7+ Qxd7 23. Bxd7 Kxd7 24. Qe3 Bc6 25. Qxb6 Rhc8 26. Rd1+ Ke8 27.
Rd6 Ne7 28. Qa5 e4 29. Qe5 Kf8 30. h4 Rd8 31. Rxf6 gxf6 32. Qxf6 Ke8 33. h5 Rd2
34. h6 Kd7 35. h7 e3 36. h8=Q Rxg2+ 37. Kf1 Rxh8 38. Qxh8 Nf5 39. Qh3 Rf2+ 40.
Ke1 Kc7 41. Qg4 Kd6 42. Qb4+ Kd7 43. Qc4 f6 44. Qxa6 Rh2 45. Qd3+ Ke6 46. Qc4+
Kd7 47. Qf7+ Ne7 48. Qxf6 Rxc2 49. Qd4+ Ke8 50. Nd1 e2 51. Ne3 1-0

[Event "Tch-CRO 1stB Liga 2017"]
[Site "Mali Losinj"]
[Date "2017.10.02"]
[Round "5.11"]
[White "Fercec, Nenad"]
[Black "Stojanovski, Dejan"]
[Result "0-1"]
[WhiteElo "2460"]
[BlackElo "2454"]
[PlyCount "66"]
[EventDate "2017.09.28"]
[EventType "team"]
[EventRounds "9"]
[EventCountry "CRO"]

1. e4 c5 2. Nf3 Nc6 3. Bb5 g6 4. c3 Bg7 5. d4 Qb6 6. Ba4 cxd4 7. O-O d3 8. Qxd3
Nf6 9. h3 d6 10. b4 O-O 11. Be3 Qc7 12. Na3 Rd8 13. Nb5 Qb8 14. Bb3 a6 15. Nbd4
d5 16. Rad1 e5 17. exd5 Nxd4 18. Nxd4 exd4 19. Qxd4 Ng4 20. Qf4 Nxe3 21. Qxe3
Qe5 22. Qxe5 Bxe5 23. c4 a5 24. bxa5 Rxa5 25. Rfe1 Bd6 26. Re2 Bd7 27. Rc1 b6
28. Kf1 Raa8 29. Rb1 Bc5 30. f4 Re8 31. Rxe8+ Rxe8 32. Re1 Rxe1+ 33. Kxe1 Be3
0-1

[Event "Tch-CRO 1stB Liga 2017"]
[Site "Mali Losinj"]
[Date "2017.10.02"]
[Round "5.12"]
[White "Saric, Ante"]
[Black "Tratar, Marko"]
[Result "1/2-1/2"]
[WhiteElo "2549"]
[BlackElo "2465"]
[PlyCount "114"]
[EventDate "2017.09.28"]
[EventType "team"]
[EventRounds "9"]
[EventCountry "CRO"]

1. d4 Nf6 2. c4 e6 3. Nf3 b6 4. Bf4 Bb7 5. e3 Be7 6. h3 O-O 7. Nc3 d5 8. Be2
Nbd7 9. O-O c5 10. Rc1 a6 11. dxc5 Bxc5 12. Nd2 Ra7 13. Bf3 dxc4 14. Nxc4 Bxf3
15. Qxf3 b5 16. Ne5 Nxe5 17. Bxe5 Be7 18. Ne4 Nxe4 19. Qxe4 Bf6 20. Rfd1 Rd7
21. Rxd7 Qxd7 22. Bxf6 gxf6 23. Qg4+ Kh8 24. Rd1 Qc7 25. Qd4 Kg7 26. g3 Rc8 27.
b3 Qc5 28. Qg4+ Kf8 29. Qf3 Ke7 30. Qb7+ Rc7 31. Qa8 Rd7 32. Rxd7+ Kxd7 33.
Qxa6 b4 34. Qd3+ Ke7 35. Qe2 Kf8 36. Qc4 Qb6 37. g4 Qa5 38. Kg2 Kg7 39. Qd4 h6
40. Kg3 Qb5 41. Qc4 Qe5+ 42. Kf3 Qa5 43. Kg2 Qa8+ 44. Kg3 Qa5 45. h4 Qe5+ 46.
Qf4 Qb5 47. Qd4 Qa5 48. Qd6 Kg8 49. f3 Kg7 50. Qd4 e5 51. Qd2 Qc5 52. Kf2 Qb5
53. Ke1 Qb7 54. Ke2 Qa6+ 55. Kf2 Qb5 56. Qc2 Qa6 57. Qd2 Qb5 1/2-1/2

[Event "Tch-CRO 1stB Liga 2017"]
[Site "Mali Losinj"]
[Date "2017.10.02"]
[Round "5.13"]
[White "Zufic, Miroslav"]
[Black "Saric, Ibro"]
[Result "1/2-1/2"]
[WhiteElo "2395"]
[BlackElo "2553"]
[PlyCount "114"]
[EventDate "2017.09.28"]
[EventType "team"]
[EventRounds "9"]
[EventCountry "CRO"]

1. e4 d6 2. d4 Nf6 3. Nc3 g6 4. f4 Bg7 5. Nf3 O-O 6. e5 Nfd7 7. Bc4 Nb6 8. Bb3
Nc6 9. a4 a5 10. h3 Nb4 11. O-O e6 12. Ne4 d5 13. Nc5 Nd7 14. Nxd7 Bxd7 15. c3
Na6 16. g4 c5 17. Bc2 cxd4 18. cxd4 Nb4 19. Bb1 f5 20. gxf5 gxf5 21. Kh2 Be8
22. Ng5 Qb6 23. Ra3 h6 24. Nf3 Bh5 25. Re3 Rf7 26. Bd2 Bf8 27. Bc3 Rg7 28. Rg1
Rc8 29. Rxg7+ Bxg7 30. Qg1 Qd8 31. Qf2 Rc7 32. Nh4 Bf8 33. Nxf5 exf5 34. Bxf5
Kh8 35. Bb1 Be7 36. Qf1 Bh4 37. f5 Qg5 38. Bd2 Rg7 39. f6 Rg8 40. Rd3 Bg3+ 41.
Kh1 Qh4 42. Rc3 Bf2 43. Bxh6 Nc6 44. Bg7+ Rxg7 45. fxg7+ Kxg7 46. Qg2+ Kf8 47.
Qxd5 Bxd4 48. Qd6+ Kg7 49. Rg3+ Qxg3 50. Qf6+ Kg8 51. Ba2+ Kh7 52. Bb1+ Bg6 53.
Qf7+ Kh6 54. Qf8+ Kg5 55. Qf6+ Kh6 56. Qf8+ Kg5 57. Qf6+ Kh6 1/2-1/2

[Event "Tch-CRO 1stB Liga 2017"]
[Site "Mali Losinj"]
[Date "2017.10.02"]
[Round "5.14"]
[White "Plenca, Julijan"]
[Black "Glavas, Dragan"]
[Result "1-0"]
[WhiteElo "2416"]
[BlackElo "2285"]
[PlyCount "99"]
[EventDate "2017.09.28"]
[EventType "team"]
[EventRounds "9"]
[EventCountry "CRO"]

1. e4 e6 2. d4 d5 3. Nd2 Nc6 4. Ngf3 Nf6 5. e5 Nd7 6. Be2 f6 7. exf6 Qxf6 8.
Nf1 Bd6 9. Ne3 O-O 10. c4 Bb4+ 11. Bd2 Bxd2+ 12. Qxd2 Qf7 13. O-O h6 14. Rac1
Nf6 15. b4 Qe8 16. cxd5 Ne7 17. Rxc7 Nexd5 18. Nxd5 Nxd5 19. Rcc1 Bd7 20. Rfe1
Bb5 21. Bxb5 Qxb5 22. Qe2 Qxe2 23. Rxe2 Rac8 24. Rxc8 Rxc8 25. h4 Nxb4 26. Rxe6
Kf7 27. Rd6 Rc1+ 28. Kh2 Ke7 29. Rg6 Kf8 30. a3 Nc2 31. a4 Ra1 32. d5 Rxa4 33.
d6 Nd4 34. Ne5 Nc6 35. d7 Rxh4+ 36. Kg3 Rd4 37. Re6 Nxe5 38. Re8+ Kf7 39. d8=Q
Rxd8 40. Rxd8 Ke6 41. Rb8 b6 42. Rb7 Nc6 43. Rxg7 b5 44. Kf4 a5 45. Ke4 a4 46.
Rg6+ Kd7 47. Rxh6 a3 48. Kd3 a2 49. Rh1 Kd6 50. Kc3 1-0

[Event "Tch-CRO 1stB Liga 2017"]
[Site "Mali Losinj"]
[Date "2017.10.02"]
[Round "5.15"]
[White "Franic, Milan"]
[Black "Matko, Ognjen"]
[Result "1-0"]
[WhiteElo "2356"]
[BlackElo "2330"]
[PlyCount "45"]
[EventDate "2017.09.28"]
[EventType "team"]
[EventRounds "9"]
[EventCountry "CRO"]

1. d4 Nf6 2. c4 e6 3. Nc3 Bb4 4. e3 O-O 5. Bd3 c5 6. Nf3 d5 7. O-O cxd4 8. exd4
dxc4 9. Bxc4 Nc6 10. Bg5 Be7 11. Rc1 b6 12. a3 Bb7 13. Qd3 a6 14. Ba2 Rc8 15.
Rfe1 Qd6 16. Rcd1 Rfd8 17. d5 exd5 18. Nxd5 Nxd5 19. Bxd5 Qc7 20. Qf5 Kh8 21.
Bxc6 g6 22. Rxd8+ Rxd8 23. Qxf7 1-0

[Event "Tch-CRO 1stB Liga 2017"]
[Site "Mali Losinj"]
[Date "2017.10.02"]
[Round "5.16"]
[White "Bobanac, Miro"]
[Black "Ciganovic, Nikola"]
[Result "0-1"]
[WhiteElo "2292"]
[BlackElo "2238"]
[PlyCount "164"]
[EventDate "2017.09.28"]
[EventType "team"]
[EventRounds "9"]
[EventCountry "CRO"]

1. b3 e5 2. Bb2 Nc6 3. e3 g6 4. Bb5 Nge7 5. Nf3 Bg7 6. c4 a6 7. Ba4 O-O 8. a3
e4 9. Bxg7 Kxg7 10. Ng5 d5 11. Bxc6 Nxc6 12. f4 h6 13. cxd5 hxg5 14. dxc6 gxf4
15. O-O f3 16. Nc3 Bg4 17. Qc2 fxg2 18. Rf2 f5 19. cxb7 Rb8 20. Na4 Rxb7 21.
Qc3+ Qf6 22. Nc5 Qxc3 23. dxc3 Rb6 24. Kxg2 Rd6 25. h4 Rh8 26. Kg3 Bf3 27. b4
Kf6 28. Rh2 Rh5 29. Kf4 Rxh4+ 30. Rxh4 g5+ 31. Kg3 gxh4+ 32. Kxh4 f4 33. exf4
Kf5 34. Kg3 Rg6+ 35. Kf2 Kxf4 36. Re1 Rg2+ 37. Kf1 Rh2 38. Nxe4 Bxe4 39. Kg1
Rc2 40. Rd1 Rxc3 41. Rd7 Rxa3 42. Rxc7 Bf3 43. Kf2 Ra2+ 44. Ke1 Rb2 45. Rc4+
Be4 46. Rc3 Rxb4 47. Ra3 a5 48. Kd2 Rd4+ 49. Kc3 Rd3+ 50. Kb2 Rd5 51. Rh3 Rc5
52. Rc3 Rd5 53. Rh3 Ke5 54. Rh5+ Bf5 55. Rh4 Kd6 56. Rc4 Bd3 57. Rc8 Ke5 58.
Kc3 Bb5 59. Ra8 Bc6 60. Rh8 Kd6 61. Rd8+ Bd7 62. Kc4 Rc5+ 63. Kb3 Kc7 64. Rf8
Bc6 65. Rh8 Rf5 66. Rh3 Kb6 67. Ka3 a4 68. Rc3 Kb5 69. Rg3 Bd5 70. Re3 Rf4 71.
Rg3 Rb4 72. Rg5 Rb3+ 73. Ka2 Rd3+ 74. Ka1 Kb4 75. Rg4+ Ka3 76. Rg1 Rd2 77. Re1
Bc4 78. Kb1 Bd3+ 79. Kc1 Rc2+ 80. Kd1 Kb2 81. Re7 Bc4 82. Ra7 Bb3 0-1

[Event "Tch-CRO 1stB Liga 2017"]
[Site "Mali Losinj"]
[Date "2017.10.02"]
[Round "5.23"]
[White "Stipic, Marko"]
[Black "Doric, Darko"]
[Result "1/2-1/2"]
[WhiteElo "2167"]
[BlackElo "2467"]
[PlyCount "105"]
[EventDate "2017.09.28"]
[EventType "team"]
[EventRounds "9"]
[EventCountry "CRO"]

1. c4 e6 2. Nc3 d5 3. e3 c6 4. Nf3 Bd6 5. d4 f5 6. Bd3 Nf6 7. Qc2 Ne4 8. b3 O-O
9. Bb2 Nd7 10. O-O-O Qe7 11. Kb1 g6 12. Ne1 b5 13. c5 Bc7 14. f3 Nxc3+ 15. Bxc3
a5 16. a3 Nf6 17. f4 Ne4 18. Bb2 b4 19. a4 Ba6 20. Bxa6 Rxa6 21. Nd3 g5 22. g3
Raa8 23. Nf2 h6 24. Nxe4 fxe4 25. Rdg1 Kh7 26. Qe2 Rg8 27. Qh5 Rg7 28. Bc1 Rf8
29. Qh3 Qf6 30. Rd1 Qg6 31. Kc2 h5 32. Rhf1 Rgf7 33. Rg1 Rf6 34. Bd2 Qh6 35.
Kc1 Rg8 36. Rdf1 Rf5 37. Kd1 g4 38. Qg2 e5 39. fxe5 Rf3 40. Qe2 Rgf8 41. Rxf3
exf3 42. Qd3+ Qg6 43. Qxg6+ Kxg6 44. Kc2 Bd8 45. Kd3 Bg5 46. Rf1 Kf5 47. Be1
Rh8 48. Rh1 Rh6 49. h4 gxh3 50. Rxh3 Kg4 51. Rh2 Kf5 52. Bf2 Rh7 53. Rh1
1/2-1/2

[Event "Tch-CRO 1stB Liga 2017"]
[Site "Mali Losinj"]
[Date "2017.10.02"]
[Round "5.24"]
[White "Rade, Miroslav"]
[Black "Brzic, Roko"]
[Result "1-0"]
[WhiteElo "2432"]
[BlackElo "1942"]
[PlyCount "67"]
[EventDate "2017.09.28"]
[EventType "team"]
[EventRounds "9"]
[EventCountry "CRO"]

1. e4 b6 2. d4 Bb7 3. Bd3 e6 4. Qe2 c5 5. d5 Be7 6. c4 exd5 7. exd5 d6 8. f4
Nf6 9. Nc3 O-O 10. Nf3 Re8 11. O-O Bc8 12. h3 Bf8 13. Qc2 Na6 14. a3 Nc7 15.
Bd2 h6 16. Kh2 b5 17. b3 a5 18. Rad1 bxc4 19. bxc4 Rb8 20. g4 Na8 21. Ne2 a4
22. Qxa4 Nb6 23. Qc2 Ra8 24. Bc1 Bd7 25. Nc3 Qc8 26. Rg1 Bxg4 27. hxg4 Nxg4+
28. Kg3 Ne3 29. Bxe3 Rxe3 30. Kf2 Rxf3+ 31. Kxf3 Qh3+ 32. Rg3 Qh5+ 33. Kg2 Rxa3
34. Rh1 1-0

[Event "Tch-CRO 1stB Liga 2017"]
[Site "Mali Losinj"]
[Date "2017.10.02"]
[Round "5.25"]
[White "Dunatov, Kresimir"]
[Black "Susak, Zeljko"]
[Result "1/2-1/2"]
[WhiteElo "1906"]
[BlackElo "2215"]
[PlyCount "63"]
[EventDate "2017.09.28"]
[EventType "team"]
[EventRounds "9"]
[EventCountry "CRO"]

1. e4 c5 2. Nc3 Nc6 3. f4 g6 4. Nf3 Bg7 5. Bb5 Nd4 6. O-O Nxb5 7. Nxb5 d6 8. e5
a6 9. Nc3 d5 10. a4 Bg4 11. h3 Bxf3 12. Qxf3 e6 13. b3 Ne7 14. Ba3 Rc8 15. Ne2
O-O 16. Qf2 Qc7 17. d4 cxd4 18. Nxd4 Rfd8 19. Rac1 Nc6 20. Nf3 b5 21. axb5 axb5
22. Bb2 Qb7 23. Nh2 b4 24. Qh4 Qe7 25. Qf2 Qa7 26. Qxa7 Nxa7 27. Nf3 Bf8 28.
Rfd1 Nb5 29. Kf1 Bh6 30. g3 Nc3 31. Bxc3 Rxc3 32. Rd3 1/2-1/2

[Event "Tch-CRO 1stB Liga 2017"]
[Site "Mali Losinj"]
[Date "2017.10.02"]
[Round "5.31"]
[White "Indjic, Aleksandar"]
[Black "Feller, Sebastien"]
[Result "1-0"]
[WhiteElo "2574"]
[BlackElo "2569"]
[PlyCount "117"]
[EventDate "2017.09.28"]
[EventType "team"]
[EventRounds "9"]
[EventCountry "CRO"]

1. d4 Nf6 2. Nf3 g6 3. Bg5 Bg7 4. c3 Ne4 5. Bf4 d5 6. Nbd2 c5 7. e3 O-O 8. Bd3
Bf5 9. Qc2 Nxd2 10. Qxd2 Bxd3 11. Qxd3 Nd7 12. h4 Re8 13. h5 cxd4 14. hxg6 hxg6
15. exd4 e5 16. dxe5 Nxe5 17. Bxe5 Bxe5 18. O-O-O Bf6 19. Qxd5 Qb6 20. Qd6 Re2
21. Qxb6 axb6 22. Rd2 Rxd2 23. Kxd2 Rxa2 24. Kc2 Kf8 25. Rd1 Ke8 26. Nd2 Ra4
27. f3 Be7 28. Ne4 Rc4 29. Rd5 Rc6 30. g4 f6 31. f4 Bd8 32. f5 gxf5 33. gxf5
Bc7 34. Kb3 Ke7 35. Kb4 Bd8 36. Kb5 Rc8 37. Rd6 Ra8 38. b4 Ra1 39. Rxf6 Rf1 40.
Re6+ Kd7 41. Re5 Rf4 42. Rd5+ Kc7 43. Nd6 Bh4 44. Ne8+ Kb8 45. Kxb6 Rc4 46. Rd3
Rf4 47. Rd5 Rc4 48. Rc5 Rf4 49. Kb5 Be7 50. Re5 Bd8 51. Rd5 Be7 52. c4 Ka7 53.
Re5 Bf8 54. c5 Kb8 55. Nf6 Bg7 56. Re8+ Ka7 57. Nh5 Rg4 58. Nxg7 Rxg7 59. f6
1-0

[Event "Tch-CRO 1stB Liga 2017"]
[Site "Mali Losinj"]
[Date "2017.10.02"]
[Round "5.32"]
[White "Bogut, Zeljko"]
[Black "Popovic, Dusan"]
[Result "1/2-1/2"]
[WhiteElo "2411"]
[BlackElo "2528"]
[PlyCount "44"]
[EventDate "2017.09.28"]
[EventType "team"]
[EventRounds "9"]
[EventCountry "CRO"]

1. d4 Nf6 2. c4 g6 3. Nc3 Bg7 4. e4 d6 5. f4 O-O 6. Nf3 c5 7. dxc5 Qa5 8. Bd3
Qxc5 9. Qe2 Nc6 10. Be3 Qa5 11. Rc1 Bg4 12. O-O Nd7 13. Qf2 Bxf3 14. gxf3 Nc5
15. Bb1 Na4 16. Nxa4 Qxa4 17. b3 Qa3 18. c5 dxc5 19. Bxc5 Qxc5 20. Qxc5 Bd4+
21. Qxd4 Nxd4 22. Kf2 Rfd8 1/2-1/2

[Event "Tch-CRO 1stB Liga 2017"]
[Site "Mali Losinj"]
[Date "2017.10.02"]
[Round "5.33"]
[White "Medak, Bojan"]
[Black "Galic, Ivan"]
[Result "1/2-1/2"]
[WhiteElo "2398"]
[BlackElo "2395"]
[PlyCount "31"]
[EventDate "2017.09.28"]
[EventType "team"]
[EventRounds "9"]
[EventCountry "CRO"]

1. d4 d5 2. c4 c6 3. Nc3 Nf6 4. cxd5 cxd5 5. Nf3 e6 6. Bf4 Be7 7. e3 O-O 8. Be2
Nc6 9. O-O Bd7 10. a3 Rc8 11. Ne5 Ne8 12. Rc1 Nd6 13. Nxc6 Rxc6 14. Bxd6 Bxd6
15. Qd2 Bc8 16. g3 1/2-1/2

[Event "Tch-CRO 1stB Liga 2017"]
[Site "Mali Losinj"]
[Date "2017.10.02"]
[Round "5.34"]
[White "Bender, Ivan"]
[Black "Biti, Ozren"]
[Result "0-1"]
[WhiteElo "2231"]
[BlackElo "2345"]
[PlyCount "100"]
[EventDate "2017.09.28"]
[EventType "team"]
[EventRounds "9"]
[EventCountry "CRO"]

1. e4 d6 2. Nf3 Nf6 3. Nc3 e5 4. d4 Nbd7 5. h3 c6 6. a4 Be7 7. g3 b6 8. b3 O-O
9. Bb2 Re8 10. dxe5 dxe5 11. Bc4 h6 12. O-O Qc7 13. Kg2 Bb4 14. Qe2 Nf8 15. Na2
Bd6 16. Nh4 Ne6 17. Bxe6 Bxe6 18. Rad1 Rad8 19. Qf3 Nh7 20. Nf5 Bf8 21. h4 g6
22. Ne3 Bg7 23. Rxd8 Rxd8 24. Rd1 h5 25. Nb4 Rxd1 26. Qxd1 Nf6 27. f3 Nd7 28.
Nd3 Qd6 29. Qa1 Qe7 30. Ba3 c5 31. a5 f5 32. axb6 axb6 33. c4 f4 34. Nd5 Qd8
35. Bc1 g5 36. Qa7 gxh4 37. gxf4 h3+ 38. Kh2 exf4 39. Bxf4 Qe8 40. Bg3 h4 41.
Bxh4 Qh5 42. Qa8+ Kh7 43. N3f4 Qxf3 44. Qe8 Ne5 45. Qh5+ Qxh5 46. Nxh5 Nd3 47.
Nxg7 Kxg7 48. Bd8 Nc1 49. Bxb6 Nxb3 50. Nc7 Nd2 0-1

[Event "Tch-CRO 1stB Liga 2017"]
[Site "Mali Losinj"]
[Date "2017.10.02"]
[Round "5.35"]
[White "Sertic, Rudolf"]
[Black "Brnas, Augustin"]
[Result "1/2-1/2"]
[WhiteElo "2382"]
[BlackElo "2203"]
[PlyCount "30"]
[EventDate "2017.09.28"]
[EventType "team"]
[EventRounds "9"]
[EventCountry "CRO"]

1. c4 Nf6 2. Nc3 g6 3. g3 Bg7 4. Bg2 O-O 5. e4 d6 6. Nge2 c5 7. O-O Nc6 8. h3
e5 9. d3 Be6 10. Bg5 Qd7 11. Bxf6 Bxf6 12. Nd5 Bg7 13. Kh2 f5 14. exf5 gxf5 15.
f4 Rf7 1/2-1/2